Collection Building: (Record no. 9524)

MARC details
000 -LEADER
fixed length control field 01158nam a22001817a 4500
003 - CONTROL NUMBER IDENTIFIER
control field OSt
005 - DATE AND TIME OF LATEST TRANSACTION
control field 20260421022006.0
008 - FIXED-LENGTH DATA ELEMENTS--GENERAL INFORMATION
fixed length control field 260421b |||||||| |||| 00| 0 eng d
040 ## - CATALOGING SOURCE
Original cataloging agency DWCL Main Lib
Transcribing agency OC
082 ## - DEWEY DECIMAL CLASSIFICATION NUMBER
Classification number DWC. 016.9599 M672c 2010
100 ## - MAIN ENTRY--PERSONAL NAME
Personal name Medina, Isagani R.
245 ## - TITLE STATEMENT
Title Collection Building:
Remainder of title Filipiniana
Statement of responsibility, etc. Isagani R. Medina
260 ## - PUBLICATION, DISTRIBUTION, ETC.
Place of publication, distribution, etc. Philippines
Name of publisher, distributor, etc. Paperback, Inc.
Date of publication, distribution, etc. c2010
300 ## - PHYSICAL DESCRIPTION
Extent 240
Dimensions 23cm
520 ## - SUMMARY, ETC.
Summary, etc. "The book brings together Dr. Medina's lifetime vision of identifying, acquiring, and organizing Filipiniana materials. The articles in this compilation not only provide background about printing, publishing, and bibliographic activities in the Philippines but also give insights into a lot of things acquisition, organization, servicing, conservation, and preservation for reference and research purposes...Dr. Medina continues to inspire Filipino librarians and historians in building Filipiniana and Special collection, and in revitalizing Philippine historiography." -Salvacion M. Arlante
700 ## - ADDED ENTRY--PERSONAL NAME
Personal name Isagani R. Medina
942 ## - ADDED ENTRY ELEMENTS (KOHA)
Source of classification or shelving scheme Dewey Decimal Classification
Koha item type Book-Filipiniana
Classification part DWC. 016.9599 M672c 2010
Suppress in OPAC No
952 ## - LOCATION AND ITEM INFORMATION (KOHA)
--
Holdings
Withdrawn status Lost status Source of classification or shelving scheme Damaged status Not for loan Home library Current library Shelving location Date acquired Total Checkouts Full call number Barcode Date last seen Price effective from Koha item type Uniform Resource Identifier
    Dewey Decimal Classification     College Library College Library Filipiniana 04/21/2026   DWC. 016.9599 M672c 2010 CL51343 04/21/2026 04/21/2026 BK - FIL